<?xml version="1.0" encoding="UTF-8"?>
<marc:record xmlns:marc="http://www.loc.gov/MARC21/slim">
   <marc:leader>00000nam a2200000 a 4500</marc:leader>
   <marc:datafield ind1="1" ind2=" " tag="100">
      <marc:subfield code="a">Schäfer, Bärbel</marc:subfield>
      <marc:subfield code="4">aut</marc:subfield>
      <marc:subfield code="e">Verfasser/-in</marc:subfield>
   </marc:datafield>
   <marc:datafield ind1=" " ind2=" " tag="653">
      <marc:subfield code="a">Krebs</marc:subfield>
   </marc:datafield>
   <marc:datafield ind1="0" ind2="0" tag="245">
      <marc:subfield code="a">Ich wollte mein Leben zurück</marc:subfield>
   </marc:datafield>
   <marc:datafield ind1="0" ind2="0" tag="245">
      <marc:subfield code="b">; Menschen erzählen von ihren Erfahrungen mit Krebs</marc:subfield>
   </marc:datafield>
   <marc:datafield ind1=" " ind2="1" tag="264">
      <marc:subfield code="b">Rütten &amp; Loening</marc:subfield>
      <marc:subfield code="c">2006</marc:subfield>
   </marc:datafield>
   <marc:datafield ind1="1" ind2=" " tag="520">
      <marc:subfield code="a">Krebs ist eine Volkskrankheit - in Deutschland gibt es etwa 4,5 Millionen Erkrankte. Zwar sind die Überlebenschancen bei rechtzeitiger Behandlung groß, doch die Diagnose ist für die Betroffenen und ihr Umfeld zunächst ein Schock, der das Leben aus dem Gleichgewicht bringt. In diesem Buch berichten Prominente und Nichtprominente, wie sie sich dieser Situation gestellt, wie Familie, Freunde und Kollegen reagiert haben. Und es zeigt sich vor allem eines: Der Verlauf dieser Krankheit - ebenso wie der Umgang mit ihr - können so unterschiedlich sein wie die betroffenen Menschen selbst. Manche reagieren kämpferisch, studieren und vergleichen Behandlungsmethoden, um die adäquate Therapie für sich zu finden; andere ziehen sich zurück, isolieren sich, sind überfordert; wieder andere suchen nach langem Leidensweg die Hilfe von obskuren Wunderheilern. Bärbel Schäfer und Monika Schuck schildern in ihren Porträts ergreifende Schicksale von Menschen, die - oft mit Kraft und Zuversicht - durch diese Prüfung gegangen sind und die Krankheit mitunter sogar als Chance empfunden haben.</marc:subfield>
   </marc:datafield>
   <marc:datafield ind1="3" ind2=" " tag="024">
      <marc:subfield code="a">9783352006586</marc:subfield>
   </marc:datafield>
</marc:record>
